Israeli Prime Ministers - Statistics

General Stats
  • This quiz has been taken 371 times
  • The average score is 15 of 20
Answer Stats
Hint Answer % Correct
1996-99 Benjamin Netanyahu
100%
2009-21 Benjamin Netanyahu
100%
2022- Benjamin Netanyahu
100%
1948-53 David Ben-Gurion
95%
1955-63 David Ben-Gurion
95%
1969-74 Golda Meir
94%
1974-77 Yitzhak Rabin
90%
1992-95 Yitzhak Rabin
90%
2001-06 Ariel Sharon
76%
1977-83 Menachem Begin
76%
1984-86 Shimon Peres
76%
1995-96 Shimon Peres
76%
1999-01 Ehud Barak
73%
2022
Yair Lapid
72%
2021-22 Naftali Bennett
71%
2006-09 Ehud Olmert
64%
1963-69 Levi Eshkol
55%
1983-84 Yitzhak Shamir
52%
1986-92 Yitzhak Shamir
52%
1953-55 Moshe Sharett
42%
No matching quizzes found
Score Distribution
Percent of People with Each Score
Percentile by Number Answered
Your Score History
You have not taken this quiz